000 00386nam a2200169 4500
005 20260212164447.0
008 cuc123
020 _a0071267700
050 _aHF 5549.I 88 IVA
_b1
100 _aIVANCEVICH, M. JOHN
245 _aHuman resource management
250 _a11th
260 _aBoston
_bMcGraw-Hill
_c2010
300 _axviii,636p
500 _aname index
942 _2lcc
_cBK
_n0
999 _c8689
_d8689